<?xml version="1.0" encoding="UTF-8"?>
<record
    xmlns:xsi="http://www.w3.org/2001/XMLSchema-instance"
    xsi:schemaLocation="http://www.loc.gov/MARC21/slim http://www.loc.gov/standards/marcxml/schema/MARC21slim.xsd"
    xmlns="http://www.loc.gov/MARC21/slim">

  <leader>04110nam a22002897a 4500</leader>
  <controlfield tag="003">DO-CoUTE</controlfield>
  <controlfield tag="005">20260515132540.0</controlfield>
  <controlfield tag="008">260515b        dr ||||| |||| 00| 0 spa d</controlfield>
  <datafield tag="040" ind1=" " ind2=" ">
    <subfield code="a">DO-CoUTE</subfield>
    <subfield code="b">spa</subfield>
    <subfield code="c">DO-CoUTE</subfield>
  </datafield>
  <datafield tag="041" ind1=" " ind2=" ">
    <subfield code="a">spa</subfield>
  </datafield>
  <datafield tag="092" ind1=" " ind2=" ">
    <subfield code="a">AGR 2026 V14 </subfield>
  </datafield>
  <datafield tag="100" ind1="1" ind2=" ">
    <subfield code="a">Vargas Jos&#xE9;, Johanny </subfield>
    <subfield code="e">Sustentante </subfield>
  </datafield>
  <datafield tag="245" ind1="1" ind2="0">
    <subfield code="a">Aplicaci&#xF3;n De Aeronave Pilotada Remotamente (Drone) Para El Mapeo De Nutrientes En Arroz (Oryza Sativa L.) A Escala De Fincas / </subfield>
    <subfield code="c">Johanny Vargas Jos&#xE9;, Nicol Manzueta Ventura, Ramona Morel V&#xE1;squez  ; Asesor, Glenny L&#xF3;pez Rodr&#xED;guez</subfield>
  </datafield>
  <datafield tag="260" ind1=" " ind2=" ">
    <subfield code="a">Cotu&#xED;, Rep&#xFA;blica Dominicana ;</subfield>
    <subfield code="b">UTECO, </subfield>
    <subfield code="c">2026</subfield>
  </datafield>
  <datafield tag="300" ind1=" " ind2=" ">
    <subfield code="a">197 Hojas : </subfield>
    <subfield code="b">Gr&#xE1;ficos, im&#xE1;genes ; </subfield>
    <subfield code="c">23cm, </subfield>
    <subfield code="e">+ 1 CD-ROM</subfield>
  </datafield>
  <datafield tag="502" ind1=" " ind2=" ">
    <subfield code="a">Trabajo de Grado ( Ingeniero Agr&#xF3;nomo ) Universidad Tecnol&#xF3;gica del Cibao Oriental, 2026.</subfield>
  </datafield>
  <datafield tag="504" ind1=" " ind2=" ">
    <subfield code="a">Incluye referencia bibliogr&#xE1;fica e &#xED;ndice.
</subfield>
  </datafield>
  <datafield tag="520" ind1=" " ind2=" ">
    <subfield code="a">Este estudio evalu&#xF3; la utilidad de integrar teledetecci&#xF3;n de alta resoluci&#xF3;n mediante
aeronaves pilotadas remotamente (RPAS) y monitoreo satelital para caracterizar la variabilidad del
cultivo de arroz bajo condiciones reales de manejo en tres fincas de la provincia de La Vega, con
el fin de mejorar el diagn&#xF3;stico agron&#xF3;mico y la toma de decisiones basada en evidencia. El objetivo
general fue analizar im&#xE1;genes RPAS y satelitales en arroz (Oryza sativa L.), considerando las
condiciones edafol&#xF3;gicas y el estado nutricional foliar, para interpretar la din&#xE1;mica espacial y
temporal del dosel y su relaci&#xF3;n con la nutrici&#xF3;n y el desempe&#xF1;o productivo. La metodolog&#xED;a se
estructur&#xF3; en cuatro componentes: (i) caracterizaci&#xF3;n f&#xED;sico-qu&#xED;mica de suelos (muestreo inicial y
final) y del agua de riego en Jima Arriba, Rinc&#xF3;n y Las Cabuyas; (ii) adquisici&#xF3;n multitemporal de
im&#xE1;genes RPAS en etapas fenol&#xF3;gicas contrastantes para generar ortomosaicos RGB y modelos
digitales de superficie (MDS), y derivar &#xED;ndices visibles de vigor para evaluar variabilidad intraparcela; (iii) extracci&#xF3;n y an&#xE1;lisis de series de &#xED;ndices satelitales mediante EOSDA Crop
Monitoring, incluyendo &#xED;ndices de verdor/biomasa e &#xED;ndices asociados a red-edge/clorofila; y (iv)
an&#xE1;lisis integrado de &#xED;ndices espectrales con nutrientes foliares (N, P, K, Ca, Mg y S), nutrientes
ed&#xE1;ficos y componentes de producci&#xF3;n.Los resultados indicaron que la variabilidad intra-parcela y
entre fincas se asoci&#xF3; principalmente con un contexto ed&#xE1;fico contrastante (reacci&#xF3;n del suelo, sales
solubles y disponibilidad relativa de macronutrientes), mientras que el agua de riego se mantuvo,
en general, dentro de condiciones compatibles con bajo riesgo inmediato de salinidad y sodicidad
bajo manejo adecuado. Los productos RPAS evidenciaron heterogeneidad espacial desde fases
tempranas y los &#xED;ndices visibles describieron una din&#xE1;mica fenol&#xF3;gica consistente, con incremento
del vigor hacia la fase reproductiva y disminuci&#xF3;n en maduraci&#xF3;n asociada a senescencia. Los
&#xED;ndices satelitales, especialmente los basados en red-edge/clorofila, resaltaron patrones de
heterogeneidad y mostraron asociaciones con nutrientes foliares dependientes de finca y etapa,
confirmando que la relaci&#xF3;n &#xED;ndice&#x2013;nutriente&#x2013;rendimiento no es universal y requiere interpretaci&#xF3;n
contextual. En consecuencia, se recomienda implementar manejo de fertilidad diferenciado por
finca, mantener monitoreo peri&#xF3;dico de sales y sodio, estandarizar el protocolo de vuelo y
procesamiento RPAS (metadatos y control de calidad), sincronizar temporalmente imagen y
muestreo, usar mapas para verificaci&#xF3;n dirigida en campo y desarrollar criterios o modelos locales
de interpretaci&#xF3;n espectral calibrados por finca</subfield>
  </datafield>
  <datafield tag="650" ind1=" " ind2="4">
    <subfield code="a">Aplicaci&#xF3;n de drones </subfield>
  </datafield>
  <datafield tag="700" ind1="1" ind2=" ">
    <subfield code="a">Johanny Vargas Jos&#xE9;</subfield>
    <subfield code="e">Sustentante </subfield>
  </datafield>
  <datafield tag="700" ind1="1" ind2=" ">
    <subfield code="a">Nicol Manzueta Ventura</subfield>
    <subfield code="e">Sustentante </subfield>
  </datafield>
  <datafield tag="700" ind1="1" ind2=" ">
    <subfield code="a">Ramona Morel V&#xE1;squez</subfield>
    <subfield code="e">Sustentante </subfield>
  </datafield>
  <datafield tag="700" ind1="1" ind2=" ">
    <subfield code="a">Glenny L&#xF3;pez Rodr&#xED;guez</subfield>
    <subfield code="e">Asesor </subfield>
  </datafield>
  <datafield tag="830" ind1=" " ind2=" ">
    <subfield code="a">Tesis y disertaciones acad&#xE9;micas (Universidad Tecnol&#xF3;gica del Cibao Oriental)</subfield>
  </datafield>
  <datafield tag="856" ind1=" " ind2=" ">
    <subfield code="y">Haga Click Aqu&#xED; para Descargar en Texto Completo</subfield>
  </datafield>
  <datafield tag="942" ind1=" " ind2=" ">
    <subfield code="2">ddc</subfield>
    <subfield code="c">TH</subfield>
  </datafield>
  <datafield tag="999" ind1=" " ind2=" ">
    <subfield code="c">24190</subfield>
    <subfield code="d">24190</subfield>
  </datafield>
  <datafield tag="952" ind1=" " ind2=" ">
    <subfield code="0">0</subfield>
    <subfield code="1">0</subfield>
    <subfield code="2">ddc</subfield>
    <subfield code="4">0</subfield>
    <subfield code="7">0</subfield>
    <subfield code="8">eT</subfield>
    <subfield code="a">BU</subfield>
    <subfield code="b">BU</subfield>
    <subfield code="c">GEN</subfield>
    <subfield code="d">2026-05-15</subfield>
    <subfield code="i">24190</subfield>
    <subfield code="l">0</subfield>
    <subfield code="o">AGR 2026 V14 </subfield>
    <subfield code="p">24190</subfield>
    <subfield code="r">2026-05-15 13:26:40</subfield>
    <subfield code="t">Ej.1</subfield>
    <subfield code="w">2026-05-15</subfield>
    <subfield code="y">TH</subfield>
  </datafield>
</record>
